书目信息 |
| 题名: |
电解磨削
|
|
| 作者: | 集训 编 | |
| 分册: | ||
| 出版信息: | 北京 国防工业出版社 1972 |
|
| 页数: | 19页 | |
| 开本: | ||
| 丛书名: | ||
| 单 册: | ||
| 中图分类: | TQ15 | |
| 科图分类: | ||
| 主题词: | 电化学--化学工业 | |
| 电子资源: | ||
| ISBN: | ||
| 000 | 00511nam0 2200205 45 | |
| 001 | 0405180948 | |
| 005 | 20040518092717.2 | |
| 010 | @dCNY0.34 | |
| 091 | @a15034.1133 | |
| 100 | @a20040518d1972 km y0chiy0120 ea | |
| 101 | 0 | @achi |
| 105 | @a z 000yy | |
| 200 | 1 | @a电解磨削@ADian Jie Mo Xue@f集训编@FJi Xun Bian |
| 210 | @a北京@c国防工业出版社@d1972 | |
| 215 | @a19页 | |
| 606 | 0 | @a电化学@x化学工业 |
| 690 | @aTQ15@v3 | |
| 701 | 0 | @a集训@4编 |
| 801 | @aCN@bTSTCL@c20040518 | |
| 905 | @f1@b11173@dTQ15@e3 | |
| 电解磨削/集训编.-北京:国防工业出版社,1972 |
| 19页 |
| ISBN :CNY0.34 |
| ● |
| 相关链接 |
|
|
|
|
正题名:电解磨削
索取号:TQ15/3
 
预约/预借
| 序号 | 登录号 | 条形码 | 馆藏地/架位号 | 状态 | 备注 |
| 1 | 0011173 | 001647212 | 第三借阅区/ [索取号:TQ15/3] | 在馆 | |
| 2 | 0011174 | 001471847 | 第二样本阅览室/ [索取号:TQ15/3] | 在馆 |